VILLES DE BRETAGNE - Statistiques

Statistiques générales
  • Ce quiz a été pris 281 fois
  • Le résultat moyen est 7 sur 10
Statistiques - réponses
nombre d'habitants réponse % Correct
140064 Brest
98%
216815 Rennes
98%
53352 Vannes
93%
62985 Quimper
91%
57149 Lorient
89%
46097 Saint-Malo
87%
44372 Saint-brieuc
76%
19880 Lannion
45%
20418 Fougères
44%
22728 Lanester
23%
Aucun quiz correspondant
Distribution des résultats
% des personnes avec chaque résultat
Percentile par nombre de réponses
Votre historique - résultats
Vous n’avez pas pris ce quiz